000 00363nam a22001457a 4500
008 230912b ||||| |||| 00| 0 eng d
020 _a58162
041 _aeng
080 _2FIRST PUBLISHED 1958
_a521
082 _a521CHA
100 _a19
101 _aASTRO
245 _aAN INTRODUCTION TO THE STUDY OF STELLAR STRUCTURE
_cCHANDRASEKHAR.S
942 _2udc
_cBK
999 _c60323
_d60323